000 00338nam a22001217a 4500
008 181123b xxu||||| |||| 00| 0 eng d
041 _aeng
080 _a043.3
100 _a0
101 _aBTH-MBE
245 _aNdikimi i Politikës Fiskale në Zhvillimin Ekonomik të Kosovës në periudhën e pas luftës
_cHajdari,A
942 _2udc
_cBK
999 _c52439
_d52439